Modificacions de crèdit : manual de formació de centres gestors : sistema integral de gestió corporatica (SIGC) manual de formació de centres gestors : sistema integral de gestió corporatica (SIGC)
Publicado:
Barcelona :
Diputació de Barcelona, Àrea de Coordinació i Govern Local, Direcció de Serveis Econòmics ,
2008
Descripción Física:
16 pàgines : il·lustracions ; 29 cm
Materias:
Finances locals -- Barcelona (Província)
; Sistemes integrats de gestió
; Manuals, vademècums, etc.
Idioma:
Catalán
MARC
| LEADER | 00000nam a2200000uc 4500 | ||
|---|---|---|---|
| 001 | 28015706 | ||
| 008 | s2008||||sp ||||gr|||| ||| ||cat|d | ||
| 040 | |a BGR |b cat | ||
| 080 | |a FU-72-51 | ||
| 245 | 0 | 0 | |a Modificacions de crèdit : |b manual de formació de centres gestors : sistema integral de gestió corporatica (SIGC) |
| 260 | |a Barcelona : |b Diputació de Barcelona, Àrea de Coordinació i Govern Local, Direcció de Serveis Econòmics, |c gener 2008 | ||
| 300 | |a 16 pàgines : |b il·lustracions ; |c 29 cm | ||
| 650 | 1 | 0 | |a Finances locals |9 43199 |2 Arxiu |x Barcelona (Província) |
| 650 | 1 | 0 | |a Sistemes integrats de gestió |9 9454 |
| 655 | 0 | |9 52956 |a Manuals, vademècums, etc. | |
| 710 | 1 | |9 54132 |a Barcelona (Catalunya : Província). |b Direcció de Serveis Econòmics | |
| 942 | |c ARXIU |2 udc |n 1 | ||
| 952 | |0 0 |1 0 |4 0 |6 FU7251 |7 1 |9 63370 |a Arxiu |b Arxiu |d 2022-08-09 |l 0 |o FU-72-51 |p 26418 |r 2022-08-09 00:00:00 |w 2022-08-09 |y ARXIU |z Donatiu BGR | ||
| 999 | |c 20754 |d 20754 | ||